Normal view
MARC view
Entry Topical Term
001 - CONTROL NUMBER
- control field: 16603
003 - CONTROL NUMBER IDENTIFIER
- control field: BD-DhEWU
005 - DATE AND TIME OF LATEST TRANSACTION
- control field: 20140723130342.0
008 - FIXED-LENGTH DATA ELEMENTS
- fixed length control field: 140723|| aca||aabn | a|a d
040 ## - CATALOGING SOURCE
- Original cataloging agency: BD-DhEWU
- Transcribing agency: BD-DhEWU
150 ## - HEADING--TOPICAL TERM
- Topical term or geographic name as entry element: Newspaper layout and typography.
670 ## - SOURCE DATA FOUND
- Source citation: Work cat.: (BD-DhEWU)5586: Harrower, Tim. 16602, The newspaper designer's handbook /, c2002.